Normal view
MARC view
Entry Personal Name
001 - CONTROL NUMBER
- control field: 1058903
003 - CONTROL NUMBER IDENTIFIER
- control field: OSt
005 - DATE AND TIME OF LATEST TRANSACTION
- control field: 20260121170027.0
008 - FIXED-LENGTH DATA ELEMENTS
- fixed length control field: 260121|| aca||aabn | a|a d
040 ## - CATALOGING SOURCE
- Original cataloging agency: OSt
- Transcribing agency: OSt
100 ## - HEADING--PERSONAL NAME
- Personal name: Mirjana Ivanovi?, Bernhard Thalheim, Barbara Catania, Klaus-Dieter Schewe, M?r?te Kirikova, Petr Šaloun, Ajantha Dahanayake, Tania Cerquitelli, Elena Baralis, Pietro Michiardi
670 ## - SOURCE DATA FOUND
- Source citation: Work cat.: (OSt)1624632: Mirjana Ivanovi?, Bernhard Thalheim, Barbara Catania, Klaus-Dieter Schewe, M?r?te Kirikova, Petr Šaloun, Ajantha Dahanayake, Tania Cerquitelli, Elena Baralis, Pietro Michiardi, New Trends in Databases and Information Systems
